000 01447nam a2200349Ia 4500
001 ebr10087234
003 CaPaEBR
006 m u
007 cr cn|||||||||
008 911009s1992 nyua sb 001 0 eng d
010 _z 91035901
020 _z0195073835(cloth : acid-free paper)
020 _z0195073843 (pbk.)
040 _aCaPaEBR
_cCaPaEBR
035 _a(OCoLC)133163373
050 1 4 _aPR5442.M67
_bG45 1992eb
100 1 _aGelpi, Barbara Charlesworth.
245 1 0 _aShelley's goddess
_h[electronic resource] :
_bmaternity, language, subjectivity /
_cBarbara Charlesworth Gelpi.
260 _aNew York :
_bOxford University Press,
_c1992.
300 _axviii, 311 p. :
_bill.
504 _aIncludes bibliographical references (p. 274-287) and index.
533 _aElectronic reproduction.
_bPalo Alto, Calif. :
_cebrary,
_d2009.
_nAvailable via World Wide Web.
_nAccess may be limited to ebrary affiliated libraries.
600 1 0 _aShelley, Percy Bysshe,
_d1792-1822
_xCriticism and interpretation.
650 0 _aMother and child in literature.
650 0 _aPsychoanalysis and literature.
650 0 _aSubjectivity in literature.
650 0 _aMotherhood in literature.
650 0 _aInfants in literature.
655 7 _aElectronic books.
_2local
710 2 _aebrary, Inc.
856 4 0 _uhttp://site.ebrary.com/lib/rucke/Doc?id=10087234
_zAn electronic book accessible through the World Wide Web; click to view
999 _c51738
_d51738